Datum a čas kvízu
41
Celkem bodů
Celkový počet nahraných bodů na tomto kvízu bez doplňovacích otázek.
2.
Pořadí na kvízu
Konečné umístění týmu na tomto kvízu.
Zaznamenané odpovědi
| # | Otázka | Odpověď | Body | Výsledky |
|---|---|---|---|---|
| 1. | Vláda na svém středečním jedná... | 1 | ||
| 2. | Jisté domácí zvíře má raději l... | 0 | ||
| 3. | První jmenování Jana Buriana d... | 1 | ||
| 4. | Po celé republice projde důkla... | 1 | ||
| 5. | Jak se jmenuje česká sportovky... | 1 | ||
| 6. | Rodné číslo je jednoznačný čís... | 1 | ||
| 7. | Historie přidělování rodných č... | 0 | ||
| 8. | Která z uvedených kombinací mů... | 0 | ||
| 9. | Změna rodného čísla během živo... | 1 | ||
| 10. | S rodnými čísly souvisí i obča... | 1 |